Rubber stoppers and tubing of flexible materials for laboratory use. (Record no. 73047)

MARC details
000 -LEADER
fixed length control field 00402nam a2200145Ia 4500
245 #0 - TITLE STATEMENT
Title Rubber stoppers and tubing of flexible materials for laboratory use.
260 ## - PUBLICATION, DISTRIBUTION, ETC. (IMPRINT)
Year of publication 1967
500 ## - GENERAL NOTE
General note Standard number: BS 2775
650 ## - SUBJECT ADDED ENTRY--TOPICAL TERM
Topical Term Flexible materials
650 ## - SUBJECT ADDED ENTRY--TOPICAL TERM
Topical Term Laboratory use
650 ## - SUBJECT ADDED ENTRY--TOPICAL TERM
Topical Term Rubber stoppers
650 ## - SUBJECT ADDED ENTRY--TOPICAL TERM
Topical Term Rubber tubing
942 ## - ADDED ENTRY ELEMENTS (KOHA)
Koha item type Standards
Holdings
Withdrawn status Lost status Damaged status Not for loan Collection code Home library Current library Date acquired Koha item type
      Standards British standards RRII Library RRII Library 31/12/2021 Standards